[Event "Osasco 60 Ann"]
[Site "Osasco"]
[Date "2022.02.25"]
[Round "7"]
[White "Alboredo, Julia"]
[Black "Stamenkovic, Dragan"]
[Result "0-1"]
[WhiteElo "2216"]
[BlackElo "2378"]
[PlyCount "102"]
[EventDate "2022.02.19"]
[EventType "tourn"]
[EventRounds "9"]
[EventCountry "BRA"]
[EventCategory "7"]
[SourceTitle "CBM 207 Extra"]
[Source "ChessBase"]
[SourceDate "2022.05.31"]
[SourceVersion "1"]
[SourceVersionDate "2022.05.31"]
[SourceQuality "1"]

1. e4 d5 2. exd5 Qxd5 3. Nc3 Qd6 4. d4 Nf6 5. Nge2 Bf5 6. Ng3 Bg6 7. h4 h5 8. Bd3 Bxd3 9. Qxd3 Nc6 10. Be3 0-0-0 11. 0-0-0 e6 12. Nge4 Nxe4 13. Qxe4 Nb4 14. a3 Nd5 15. Nxd5 Qxd5 16. Qxd5 exd5 17. Bg5 Re8 18. Rde1 Bd6 19. g3 Kd7 20. Kd1 Re6 21. Rxe6 Kxe6 22. Re1+ Kd7 23. Ke2 Re8+ 24. Kf1 Rxe1+ 25. Kxe1 Ke6 26. Ke2 Kf5 27. Kf3 f6 28. Be3 g5 29. Bd2 b6 30. a4 Bf8 31. Bc1 a6 32. Bd2 g4+ 33. Ke2 Ke4 34. Bf4 Bd6 35. Bxd6 cxd6 36. c3 b5 37. axb5 axb5 38. Kd2 Kf3 39. Ke1 f5 40. Kf1 f4 41. gxf4 Kxf4 42. Ke2 Ke4 43. Kd2 Kf3 44. Ke1 g3 45. fxg3 Kxg3 46. Ke2 Kxh4 47. Kf3 Kg5 48. Kg3 h4+ 49. Kh3 Kh5 50. Kg2 Kg4 51. Kh2 h3 0-1

[Event "Titled Tuesday intern op 14th April"]
[Site "Chess.com INT"]
[Date "2020.04.14"]
[Round "3"]
[White "Stamenkovic, Dragan"]
[Black "Lysiak, Magdalena"]
[Result "1-0"]
[WhiteElo "2378"]
[BlackElo "2126"]
[PlyCount "66"]
[EventDate "2020.04.14"]
[EventType "swiss (blitz)"]
[EventRounds "10"]
[EventCountry "USA"]
[SourceTitle "EXT 2021"]
[Source "ChessBase"]
[SourceDate "2020.10.23"]
[SourceVersion "1"]
[SourceVersionDate "2020.10.23"]
[SourceQuality "1"]

1. e4 c6 2. Nc3 d5 3. Nf3 Bg4 4. h3 Bxf3 5. Qxf3 e6 6. d3 Nd7 7. Bd2 Bc5 8. 0-0-0 Ne7 9. g4 a5 10. g5 b5 11. exd5 Nxd5 12. Nxd5 cxd5 13. h4 Qb6 14. Be3 Rc8 15. d4 Bd6 16. h5 b4 17. Kb1 a4 18. g6 f5 19. gxh7 b3 20. Bd3 bxa2+ 21. Kxa2 Nf6 22. Rhg1 Rxh7 23. h6 gxh6 24. Rg6 Rb8 25. Bc1 a3 26. b3 Ne4 27. Bxe4 dxe4 28. Rxe6+ Kd8 29. Qxf5 Qc7 30. Rxd6+ Qxd6 31. Qxh7 Kc8 32. Qxe4 Qc7 33. Bf4 Qxc2+ 1-0

[Event "Caioba Telecom op"]
[Site "Caioba"]
[Date "2018.08.05"]
[Round "9"]
[White "Stamenkovic, Dragan"]
[Black "Cubas, Jose Fernando"]
[Result "1/2-1/2"]
[WhiteElo "2383"]
[BlackElo "2489"]
[PlyCount "91"]
[EventDate "2018.08.01"]
[EventType "swiss"]
[EventRounds "9"]
[EventCountry "BRA"]
[SourceTitle "CBM 186 Extra"]
[Source "ChessBase"]
[SourceDate "2018.08.24"]
[SourceVersion "1"]
[SourceVersionDate "2018.08.24"]
[SourceQuality "1"]

1. d4 Nf6 2. Bg5 d5 3. Bxf6 exf6 4. e3 Bd6 5. Bd3 c6 6. Nd2 0-0 7. Qf3 a5 8. Ne2 Re8 9. c3 Nd7 10. 0-0 Nf8 11. e4 Ne6 12. h4 dxe4 13. Nxe4 Be7 14. g3 g6 15. Rfe1 h5 16. Nf4 Nxf4 17. Qxf4 Be6 18. a3 Kg7 19. Re2 Qd7 20. Rae1 c5 21. a4 c4 22. Bc2 Bd5 23. Nc5 Bxc5 24. dxc5 Rxe2 25. Rxe2 Re8 26. Rxe8 Qxe8 27. Kf1 Qe6 28. Bd1 Bc6 29. Qd4 Bd5 30. Qf4 Bc6 31. Bf3 Qe5 32. Qxe5 fxe5 33. Be2 Bd5 34. f3 Kf6 35. Kf2 Ke7 36. Ke3 Kd7 37. f4 Ke6 38. Bf1 f6 39. Bh3+ Ke7 40. Bf1 Kd7 41. Be2 Ke6 42. Bf1 Kd7 43. Be2 Ke7 44. Bf1 Kf7 45. Be2 Ke6 46. Bf1 1/2-1/2

[Event "Caioba Telecom op"]
[Site "Caioba"]
[Date "2018.08.04"]
[Round "8"]
[White "Matsuura, Everaldo"]
[Black "Stamenkovic, Dragan"]
[Result "0-1"]
[WhiteElo "2497"]
[BlackElo "2383"]
[PlyCount "78"]
[EventDate "2018.08.01"]
[EventType "swiss"]
[EventRounds "9"]
[EventCountry "BRA"]
[SourceTitle "CBM 186 Extra"]
[Source "ChessBase"]
[SourceDate "2018.08.24"]
[SourceVersion "1"]
[SourceVersionDate "2018.08.24"]
[SourceQuality "1"]

1. e4 d6 2. d4 Nf6 3. Nc3 g6 4. Be3 Bg7 5. Qd2 c6 6. f3 b5 7. 0-0-0 Nbd7 8. Kb1 Nb6 9. Bh6 Bxh6 10. Qxh6 a5 11. e5 b4 12. Ne4 dxe5 13. Qg7 Rf8 14. Bd3 Be6 15. Ne2 Qd5 16. b3 a4 17. Nxf6+ exf6 18. Qxf6 axb3 19. axb3 Qa5 20. Kc1 Nd7 21. Qh4 exd4 22. Nxd4 Qa1+ 23. Kd2 Qc3+ 24. Ke2 Ra5 25. Be4 Re5 26. Rd3 Qc5 27. Nxe6 Rxe6 28. Rhd1 Re7 29. Qf2 f5 30. Rxd7 Qb5+ 31. Ke1 Rxd7 32. Bd3 Qe5+ 33. Kf1 Qxh2 34. Re1+ Re7 35. Rxe7+ Kxe7 36. Bc4 Qh1+ 37. Ke2 Re8 38. Kd2 Rd8+ 39. Bd3 Kf6 0-1

[Event "Florianopolis Cordioli Cup 3rd"]
[Site "Florianopolis"]
[Date "2018.01.27"]
[Round "3"]
[White "Kropff, Ricardo"]
[Black "Stamenkovic, Dragan"]
[Result "1/2-1/2"]
[WhiteElo "2177"]
[BlackElo "2390"]
[PlyCount "83"]
[EventDate "2018.01.26"]
[EventType "tourn"]
[EventRounds "9"]
[EventCountry "BRA"]
[EventCategory "1"]
[SourceTitle "CBM 182 Extra"]
[Source "ChessBase"]
[SourceDate "2018.02.23"]
[SourceVersion "1"]
[SourceVersionDate "2018.02.23"]
[SourceQuality "1"]

1. e4 c5 2. Nc3 g6 3. g3 Bg7 4. Bg2 Nc6 5. d3 d6 6. Be3 Rb8 7. Qd2 b5 8. Nge2 Nd4 9. 0-0 e6 10. Nc1 Ne7 11. Nd1 b4 12. c3 bxc3 13. bxc3 Ndc6 14. Ne2 Ba6 15. f4 f5 16. Nf2 0-0 17. Rab1 Qa5 18. Qc2 Bb5 19. a3 Qa4 20. Qa2 c4 21. d4 d5 22. exf5 gxf5 23. Rb2 Ba6 24. Rfb1 Rb3 25. Rxb3 cxb3 26. Qb2 Na5 27. Bc1 Rb8 28. Qd2 Qb5 29. Bf1 Nc4 30. Qd3 Qe8 31. Bb2 Nxa3 32. Qxa6 Nxb1 33. Qd3 Na3 34. Bxa3 Qa4 35. Bb2 a5 36. Nc1 Qc6 37. Qe2 a4 38. Nfd3 Ng6 39. Nb4 Qb6 40. Ncd3 Ra8 41. Ba3 Rc8 42. Nc5 1/2-1/2

[Event "Curitiba IM"]
[Site "Curitiba"]
[Date "2017.05.17"]
[Round "4"]
[White "Stamenkovic, Dragan"]
[Black "Martins, Carlos"]
[Result "1-0"]
[WhiteElo "2396"]
[BlackElo "2226"]
[PlyCount "165"]
[EventDate "2017.05.15"]
[EventType "tourn"]
[EventRounds "9"]
[EventCountry "BRA"]
[EventCategory "2"]
[SourceTitle "CBM 178 Extra"]
[Source "ChessBase"]
[SourceDate "2017.06.22"]
[SourceVersion "1"]
[SourceVersionDate "2017.06.22"]
[SourceQuality "1"]

1. d4 e6 2. Nf3 b6 3. e4 Bb7 4. Bd3 c5 5. c3 Nf6 6. Qe2 Be7 7. 0-0 0-0 8. Rd1 d5 9. e5 Nfd7 10. Bf4 Nc6 11. a3 c4 12. Bc2 b5 13. Nbd2 a5 14. Qe3 Re8 15. Bg5 Nf8 16. h4 b4 17. Re1 b3 18. Bd1 h6 19. Bxe7 Qxe7 20. Nf1 f5 21. exf6 Qxf6 22. N1h2 Ng6 23. g3 Qf5 24. h5 Nf8 25. Nh4 Qf7 26. f4 Ne7 27. Qf2 Nf5 28. N4f3 Nd7 29. Ne5 Nxe5 30. Rxe5 Nd6 31. Ng4 Ne4 32. Qh2 Re7 33. Bf3 Nf6 34. Rae1 Rae8 35. Qe2 Kf8 36. Re3 Nxg4 37. Bxg4 Bc8 38. Re5 Bd7 39. Qg2 Bc8 40. Bf3 Bb7 41. Rf1 Kg8 42. Qh3 Bc8 43. f5 Kh8 44. Bg2 exf5 45. Bxd5 Qf6 46. Rxe7 Rxe7 47. Qg2 Qg5 48. Bxc4 Qxh5 49. Qa8 Re8 50. Qf3 Qg5 51. Qf4 Qg6 52. Bxb3 Bb7 53. Bd1 Re4 54. Qb8+ Kh7 55. Bf3 Bd5 56. Bxe4 Bxe4 57. Qf4 Qh5 58. Qh4 Qe2 59. Qh2 Qd3 60. Qf2 h5 61. Re1 g6 62. Kh2 Qb5 63. b4 a4 64. Qa2 Kg7 65. c4 Qb8 66. Qf2 g5 67. Rxe4 fxe4 68. Qf5 Qd8 69. Qxe4 h4 70. c5 hxg3+ 71. Kxg3 Kh6 72. Qe6+ Kh5 73. Qf7+ Kh6 74. d5 Qb8+ 75. d6 Qc8 76. Qf6+ Kh5 77. Qf3+ Kh6 78. c6 Qe6 79. Qf8+ Kh5 80. d7 Qe5+ 81. Kg2 Qe2+ 82. Qf2 Qg4+ 83. Kh2 1-0

[Event "Manaus Amazonia-ch"]
[Site "Manaus"]
[Date "2017.04.16"]
[Round "7"]
[White "Souza Neves, Andrey Marcelo"]
[Black "Stamenkovic, Dragan"]
[Result "1-0"]
[WhiteElo "2163"]
[BlackElo "2396"]
[PlyCount "65"]
[EventDate "2017.04.13"]
[EventType "swiss"]
[EventRounds "7"]
[EventCountry "BRA"]
[SourceTitle "CBM 177 Extra"]
[Source "ChessBase"]
[SourceDate "2017.04.27"]
[SourceVersion "1"]
[SourceVersionDate "2017.04.27"]
[SourceQuality "1"]

1. d4 Nf6 2. c4 e6 3. Nc3 d5 4. cxd5 exd5 5. Bg5 c6 6. e3 Be7 7. Bd3 0-0 8. Nf3 Nbd7 9. 0-0 Re8 10. Qc2 Nf8 11. h3 g6 12. Ne5 N6d7 13. Bh6 f6 14. Nxg6 hxg6 15. Bxg6 Bd6 16. Ne2 Re7 17. Ng3 Bxg3 18. fxg3 Nxg6 19. Qxg6+ Kh8 20. Rxf6 Qg8 21. Qf5 Nf8 22. Qh5 Nh7 23. Raf1 Bd7 24. Rg6 Qe8 25. Bf4 Rxe3 26. Qh6 Qe7 27. Bxe3 Be8 28. Bf4 Bxg6 29. Be5+ Qxe5 30. dxe5 Rg8 31. e6 d4 32. e7 d3 33. Qxg6 1-0

[Event "Florianopolis Cordioli Cup 2nd"]
[Site "Florianopolis"]
[Date "2017.02.01"]
[Round "9"]
[White "Stamenkovic, Dragan"]
[Black "Souza Neves, Andrey Marcelo"]
[Result "0-1"]
[WhiteElo "2418"]
[BlackElo "2239"]
[PlyCount "74"]
[EventDate "2017.01.27"]
[EventType "tourn"]
[EventRounds "9"]
[EventCountry "BRA"]
[EventCategory "2"]
[SourceTitle "CBM 176 Extra"]
[Source "ChessBase"]
[SourceDate "2017.03.02"]
[SourceVersion "1"]
[SourceVersionDate "2017.03.02"]
[SourceQuality "1"]

1. d4 g6 2. e4 Bg7 3. Nc3 d6 4. f4 a6 5. Nf3 b5 6. Bd3 Bb7 7. Qe2 Nd7 8. e5 Nh6 9. a4 0-0 10. axb5 axb5 11. Rxa8 Qxa8 12. Bxb5 Bxf3 13. Qxf3 Qxf3 14. gxf3 Nb6 15. Bc6 Nf5 16. Nb5 Nc4 17. Bd5 Nce3 18. Bb3 Bh6 19. e6 fxe6 20. Nxc7 Nxc2+ 21. Bxc2 Rc8 22. Bxf5 exf5 23. Be3 Rxc7 24. Kd2 Rb7 25. Kc3 e5 26. b4 Kf7 27. dxe5 dxe5 28. Re1 Bxf4 29. Bxf4 exf4 30. Kc4 Rc7+ 31. Kd5 Rc3 32. b5 Rxf3 33. Rb1 Rd3+ 34. Ke5 f3 35. Kf4 f2 36. b6 Kf6 37. h4 h6 0-1

[Event "Florianopolis Cordioli Cup 2nd"]
[Site "Florianopolis"]
[Date "2017.01.29"]
[Round "5"]
[White "Librelato, Kathie Goulart"]
[Black "Stamenkovic, Dragan"]
[Result "0-1"]
[WhiteElo "1988"]
[BlackElo "2418"]
[PlyCount "104"]
[EventDate "2017.01.27"]
[EventType "tourn"]
[EventRounds "9"]
[EventCountry "BRA"]
[EventCategory "2"]
[SourceTitle "CBM 176 Extra"]
[Source "ChessBase"]
[SourceDate "2017.03.02"]
[SourceVersion "1"]
[SourceVersionDate "2017.03.02"]
[SourceQuality "1"]

1. e4 c5 2. Nf3 Nc6 3. d4 cxd4 4. Nxd4 Nf6 5. Nc3 g6 6. Nxc6 bxc6 7. e5 Ng8 8. Bc4 Bg7 9. Qf3 f5 10. Bf4 e6 11. 0-0-0 Qc7 12. h4 Rb8 13. h5 Rb4 14. b3 g5 15. h6 Bxe5 16. Bxg5 Ne7 17. Rhe1 Ng6 18. Na4 Bf4+ 19. Bxf4 Qxf4+ 20. Qxf4 Nxf4 21. g3 Ng6 22. Nc5 a5 23. Rd6 Ke7 24. Red1 Nf8 25. c3 Rb8 26. a4 Rg8 27. Kb2 Rg6 28. Ka3 Rxh6 29. f4 Rh3 30. R1d3 h5 31. b4 axb4+ 32. cxb4 h4 33. gxh4 Rxh4 34. R3d4 Rxf4 35. Rxd7+ Nxd7 36. Rxf4 Nxc5 37. bxc5 Bd7 38. Rh4 Kf6 39. Rh7 Bc8 40. Rc7 Bb7 41. Kb4 Ba6+ 42. Kc3 Bxc4 43. Kxc4 Ra8 44. Rxc6 Rxa4+ 45. Kb5 Ra1 46. Rd6 Ke7 47. Kc6 f4 48. Rd7+ Kf6 49. Kd6 f3 50. c6 f2 51. c7 Rd1+ 52. Kc6 Rc1+ 0-1

[Event "Florianopolis Cordioli Cup"]
[Site "Florianopolis"]
[Date "2016.01.27"]
[Round "8"]
[White "Sztokbant, Bernardo Vainzoff"]
[Black "Stamenkovic, Dragan"]
[Result "1/2-1/2"]
[WhiteElo "2222"]
[BlackElo "2412"]
[PlyCount "165"]
[EventDate "2016.01.23"]
[EventType "tourn"]
[EventRounds "9"]
[EventCountry "BRA"]
[EventCategory "3"]
[SourceTitle "CBM 170 Extra"]
[Source "ChessBase"]
[SourceDate "2016.02.25"]
[SourceVersion "1"]
[SourceVersionDate "2016.02.25"]
[SourceQuality "1"]

1. e4 c5 2. Nf3 d6 3. d4 cxd4 4. Nxd4 Nf6 5. Nc3 g6 6. Be3 Bg7 7. f3 a6 8. Bc4 b5 9. Bb3 Bb7 10. Qd2 h5 11. 0-0 Nbd7 12. a4 bxa4 13. Nxa4 Qb8 14. Qa5 0-0 15. Rad1 Ne5 16. Bg5 Re8 17. Qe1 Qc7 18. Nc3 Nc4 19. Bc1 Rac8 20. Kh1 Red8 21. f4 e5 22. Nf3 exf4 23. Ng5 d5 24. Bxf4 Qe7 25. Nxd5 Nxd5 26. exd5 Qxe1 27. Rfxe1 Bxd5 28. c3 Bf6 29. Kg1 a5 30. Rf1 a4 31. Ba2 Kg7 32. Rd3 Nb6 33. Bb1 Bc4 34. Rxd8 Rxd8 35. Re1 a3 36. bxa3 Bxc3 37. Rc1 Bb2 38. Re1 Bc3 39. Rc1 Bd4+ 40. Kh1 Bb2 41. Re1 Bxa3 42. Bc7 Rd5 43. Be5+ Kg8 44. Nf3 Nd7 45. Bc3 Nf8 46. Ne5 Rc5 47. Bd4 Rc8 48. Nxc4 Rxc4 49. Bf2 Bb4 50. Rf1 Rf4 51. g3 Rf3 52. Kg2 Ra3 53. Be4 Ra5 54. Bd3 Bc5 55. Bc4 Bxf2 56. Rxf2 Ra7 57. Bd5 Kg7 58. Rb2 Rd7 59. Rb5 Nh7 60. h4 Nf6 61. Bf3 Rd2+ 62. Kh3 Rf2 63. Rb3 Nd7 64. Re3 Kf6 65. g4 Ne5 66. g5+ Kf5 67. Kg3 Rf1 68. Be4+ Ke6 69. Bg2 Rg1 70. Re2 Rc1 71. Bh3+ Kd6 72. Rd2+ Kc5 73. Bg2 Rc3+ 74. Kf4 Nd3+ 75. Ke4 Ne1 76. Ke5 Nf3+ 77. Bxf3 Rxf3 78. Re2 Kb6 79. Kd6 f6 80. Rb2+ Ka5 81. gxf6 Rxf6+ 82. Ke5 Rf5+ 83. Ke4 1/2-1/2

[Event "Florianopolis op 2nd"]
[Site "Florianopolis"]
[Date "2016.01.22"]
[Round "10"]
[White "Viana, Dirceu"]
[Black "Stamenkovic, Dragan"]
[Result "0-1"]
[WhiteElo "2238"]
[BlackElo "2412"]
[PlyCount "96"]
[EventDate "2016.01.16"]
[EventType "swiss"]
[EventRounds "10"]
[EventCountry "BRA"]
[SourceTitle "CBM 170 Extra"]
[Source "ChessBase"]
[SourceDate "2016.02.25"]
[SourceVersion "1"]
[SourceVersionDate "2016.02.25"]
[SourceQuality "1"]

1. e4 c5 2. d3 Nc6 3. f4 g6 4. Nf3 Bg7 5. Be2 d6 6. 0-0 Rb8 7. a4 a6 8. c3 Nf6 9. Kh1 0-0 10. Qe1 e6 11. Na3 Na5 12. e5 Nd5 13. Bd1 f6 14. Nc4 Nxc4 15. dxc4 Ne7 16. Bc2 Nc6 17. exd6 Qxd6 18. Be3 b6 19. Rd1 Qe7 20. Qg3 Bb7 21. h4 f5 22. h5 gxh5 23. Qh3 Rbd8 24. Qxh5 Rxd1 25. Rxd1 Rd8 26. Rxd8+ Nxd8 27. a5 bxa5 28. Kh2 Bc6 29. Qh4 Qxh4+ 30. Nxh4 Nb7 31. Nf3 a4 32. Ne5 Be8 33. Bd1 Bf8 34. g4 Kg7 35. gxf5 exf5 36. Bf2 Bd6 37. Bf3 Na5 38. Bd5 Bh5 39. Be6 Kf6 40. Bd7 Bd1 41. Bh4+ Kg7 42. Bd8 Bxe5 43. fxe5 Nxc4 44. e6 Nxb2 45. e7 Bh5 46. Bxf5 a3 47. Bb1 Na4 48. Ba2 Nxc3 0-1

[Event "Florianopolis op 2nd"]
[Site "Florianopolis"]
[Date "2016.01.17"]
[Round "3"]
[White "Stamenkovic, Dragan"]
[Black "Araujo, Jose Roberto"]
[Result "1-0"]
[WhiteElo "2412"]
[BlackElo "2156"]
[PlyCount "107"]
[EventDate "2016.01.16"]
[EventType "swiss"]
[EventRounds "10"]
[EventCountry "BRA"]
[SourceTitle "CBM 170 Extra"]
[Source "ChessBase"]
[SourceDate "2016.02.25"]
[SourceVersion "1"]
[SourceVersionDate "2016.02.25"]
[SourceQuality "1"]

1. d4 Nf6 2. Bg5 e6 3. e4 h6 4. Bxf6 Qxf6 5. c3 d6 6. Bd3 Nd7 7. Ne2 g6 8. 0-0 Bg7 9. f4 0-0 10. f5 exf5 11. exf5 g5 12. Ng3 Qd8 13. f6 Nxf6 14. Bc2 Re8 15. Nd2 Bg4 16. Qb1 Nd5 17. Bf5 Bxf5 18. Qxf5 Ne3 19. Qxf7+ Kh8 20. Rf3 Rf8 21. Qb3 Rxf3 22. Nxf3 g4 23. Re1 Nxg2 24. Kxg2 gxf3+ 25. Kxf3 Qg5 26. Kg2 b6 27. Qf7 Rf8 28. Qxc7 h5 29. Qe7 Qd5+ 30. Kg1 Qxa2 31. Nxh5 Rf7 32. Qe8+ Kh7 33. Qe4+ Kg8 34. Qg6 Qa4 35. Re8+ Qxe8 36. Nf6+ Rxf6 37. Qxe8+ Bf8 38. Qd7 Rf7 39. Qe6 Kg7 40. h4 Rf6 41. Qd7+ Rf7 42. Qg4+ Kh7 43. Qe6 Re7 44. Qf5+ Kg8 45. Qd5+ Kh7 46. Kf2 Kg7 47. h5 Rf7+ 48. Kg3 Rf6 49. Kg4 Rf2 50. Qa8 Rf7 51. Qe8 Rf6 52. Kg5 Rf7 53. h6+ Kg8 54. Qe6 1-0